[Event "Wch U14"]
[Site "Montesilvano"]
[Date "2023.11.13"]
[Round "1"]
[White "Dinh, Nho Kiet"]
[Black "Kabylbek, Yedil"]
[Result "0-1"]
[WhiteElo "2253"]
[BlackElo "1710"]
[PlyCount "124"]
[EventDate "2023.11.13"]
[EventType "swiss"]
[EventRounds "11"]
[EventCountry "ITA"]
[SourceTitle "CB48_2023"]
[SourceDate "2023.11.29"]
[SourceVersion "1"]
[SourceVersionDate "2023.11.29"]
[SourceQuality "1"]

1. d4 Nf6 2. c4 e6 3. Nc3 d5 4. cxd5 exd5 5. Bg5 Bb4 6. e3 h6 7. Bh4 g5 8. Bg3 Ne4 9. Nge2 h5 10. f3 Nxg3 11. hxg3 Qe7 12. Kf2 c6 13. a3 Bd6 14. e4 Be6 15. e5 Bc7 16. f4 Nd7 17. Qd3 Bg4 18. Qe3 0-0-0 19. Rc1 f6 20. Ke1 Nb6 21. Ng1 h4 22. gxh4 gxf4 23. Qxf4 Qe6 24. Qxf6 Qxf6 25. exf6 Bg3+ 26. Kd2 Bf4+ 27. Kc2 Bxc1 28. Kxc1 Rdf8 29. Nf3 Bxf3 30. gxf3 Rxf6 31. Bh3+ Kc7 32. Bg4 Nc4 33. h5 Ne3 34. Ne2 Nxg4 35. fxg4 Rf2 36. Kd1 Rg2 37. Rh4 Rg8 38. h6 R8xg4 39. Rh5 Rg8 40. Nf4 R2g4 41. Rf5 Rg1+ 42. Kc2 Rh1 43. Rf7+ Kd6 44. Rxb7 Rxh6 45. Nd3 Rh4 46. Rxa7 Rxd4 47. Nb4 Rg2+ 48. Kc3 Rf4 49. Kb3 Rf3+ 50. Ka2 c5 51. Ra6+ Ke5 52. Nc6+ Ke4 53. Ra8 d4 54. Re8+ Kd5 55. Na5 Rc2 56. Kb1 Rff2 57. Rb8 c4 58. Rb5+ Ke4 59. Rb4 Kd3 60. Nc6 Rfe2 61. Rb7 Re1+ 62. Ka2 Rcc1 0-1